Statistics for Fast food facts

Click here to take the quiz!

General Stats

  • This quiz has been taken 20 times
  • The average score is 2 of 13

Answer Stats

FactAnswer% Correct
What fast food company made mcribMcdonalds
94%
Whole contitent where mcdonalds failedAfrica
39%
In which us State there was first mcdonaldsCalifornia
28%
What fast food company had a navyPepsi
17%
Fast food company whit worst revenuesWhite castle
17%
Mc donals failed in this countryIceland
11%
Best profit for being a managerChick fil A
6%
What fast food company uses Q as singnatureDairy gueen
6%
Orange Julius is owned byDairy gueen
6%
What is the name of the oldest fast food restaurantEcooke
6%
The most hated mc donals failureHula burger
6%
Mcdonalds called their hot dogsMchotdog
6%
Spaghetti is mc donals one of the most sold item in ***********Philippines
6%

Score Distribution

Percentile by Number Answered

Percent of People with Each Score

Your Score History

You have not taken this quiz